Ciudades de California - ¡Muerte súbita! - Estadísticas

Estadísticas generales
  • Esta prueba ha sido intentada 40 veces
  • La puntuación promedio es 10 de 28
Answers on the Grid
Answers color-coded by a green-red scale on the quiz's grid according to % correct below.
Anaheim
Bakersfield
Charlotte
Chula Vista
Columbus
Corona
El Paso
Fontana
Fresno
Huntington Beach
Irvine
Las Cruces
Lexington
Long Beach
Los Ángeles
Modesto
Moreno Valley
Oakland
Oceanside
Ontario
Oxnard
Palmdale
Pomona
Reno
Riverside
Rockford
Sacramento
San Antonio
San Diego
San Francisco
San Jose
Santa Ana
Santa Rosa
Sedona
Stockton
Sunnyvale
Tampa
Vacaville
Wilmington
Worcester
 
Estadísticas de respuestas
Respuesta % Correcto
Los Ángeles
86%
San Diego
71%
Sacramento
68%
San Francisco
64%
San Jose
61%
Long Beach
46%
Oakland
46%
Anaheim
43%
Bakersfield
43%
Chula Vista
43%
Fresno
43%
Santa Ana
43%
Modesto
32%
Moreno Valley
32%
Riverside
29%
Santa Rosa
29%
Huntington Beach
25%
Palmdale
25%
Corona
21%
Fontana
21%
Stockton
21%
Sunnyvale
21%
Irvine
18%
Oceanside
18%
Oxnard
14%
Pomona
14%
Vacaville
11%
Ontario
7%
No se encontraron pruebas coincidentes
Distribución de puntuación
Porcentaje de gente con cada puntuación
Porcentaje por número respondido
Historial de tus puntuaciones
No has intentado esta prueba.